Essentials of Legal Research /

Manylion Llyfryddiaeth
Prif Awdur: Āla Māmuna, Faruque
Fformat: Llyfr
Iaith:English
Cyhoeddwyd: Dhaka : Palal Prokashoni 2010
Rhifyn:2nd ed.
Pynciau:
Classic Catalogue: View this record in Classic Catalogue
LEADER 02508nam a22003017a 4500
008 110925s2010 bg\|||| b||| 000 0 eng d
020 |a 9847009000230 
040 |a BD-DhAAL  |c BD-DhAAL 
082 |2 22  |a 340.072 
100 |a  Āla Māmuna, Faruque  |9 1614 
245 |a Essentials of Legal Research /  |c Abdullah Al Faruque 
250 |a 2nd ed. 
260 |a Dhaka :  |b Palal Prokashoni  |c 2010 
300 |a vii, 144 p. ;  |c 23 cm. 
505 |a Includes bbibliographical references 
650 |a Legal Research  |9 1613 
541 |e 00023469 
942 |2 ddc  |c BK  |0 1 
999 |c 11250  |d 11250 
952 |0 0  |1 0  |2 ddc  |4 0  |6 340_072000000000000_FAR  |7 0  |9 18182  |a BRACUL  |b BRACUL  |c GEN  |d 2011-09-25  |e Development Book Agency  |g 170.00  |l 6  |m 60  |o 340.072 FAR  |p 3010023469  |r 2025-01-15  |s 2024-10-01  |t 1  |w 2011-09-25  |y BK 
952 |0 0  |1 0  |2 ddc  |4 0  |6 340_072000000000000_FAR  |7 0  |9 18183  |a BRACUL  |b BRACUL  |c GEN  |d 2011-09-25  |e Development Book Agency  |g 170.00  |l 12  |m 158  |o 340.072 FAR  |p 3010023470  |q 2026-05-21  |r 2026-04-08  |s 2026-04-08  |t 2  |w 2011-09-25  |y BK 
952 |0 0  |1 3  |2 ddc  |4 0  |6 340_072000000000000_FAR  |7 0  |9 18184  |a BRACUL  |b BRACUL  |c GEN  |d 2011-09-25  |e Development Book Agency  |g 170.00  |l 10  |m 114  |o 340.072 FAR  |p 3010023471  |r 2025-09-08  |s 2025-09-08  |t 3  |v 340.00  |w 2011-09-25  |y BK  |x Lost and paid for 340/ transaction id #525111002399 
952 |0 0  |1 0  |2 ddc  |4 0  |6 340_072000000000000_FAR  |7 0  |9 18185  |a BRACUL  |b BRACUL  |c GEN  |d 2011-09-25  |e Development Book Agency  |g 170.00  |l 6  |m 47  |o 340.072 FAR  |p 3010023472  |r 2025-06-21  |s 2025-03-20  |t 4  |w 2011-09-25  |y BK 
952 |0 0  |1 0  |2 ddc  |4 0  |6 340_072000000000000_FAR  |7 0  |9 18186  |a BRACUL  |b BRACUL  |c GEN  |d 2011-09-25  |e Development Book Agency  |g 170.00  |l 5  |m 52  |o 340.072 FAR  |p 3010023473  |r 2023-11-02  |s 2023-05-06  |t 5  |w 2011-09-25  |y BK 
952 |0 0  |1 0  |2 ddc  |4 0  |6 340_072000000000000_FAR  |7 0  |9 18187  |a BRACUL  |b BRACUL  |c GEN  |d 2011-09-25  |e Development Book Agency  |g 170.00  |l 5  |m 39  |o 340.072 FAR  |p 3010023474  |r 2025-10-05  |s 2025-09-11  |t 6  |w 2011-09-25  |y BK 
952 |0 0  |1 0  |2 ddc  |4 0  |6 340_072000000000000_FAR  |7 0  |9 18188  |a BRACUL  |b BRACUL  |c GEN  |d 2011-09-25  |e Development Book Agency  |g 170.00  |l 6  |m 45  |o 340.072 FAR  |p 3010023475  |r 2024-10-07  |s 2024-06-04  |t 7  |w 2011-09-25  |y BK 
952 |0 0  |1 4  |2 ddc  |4 0  |6 340_072000000000000_FAR  |7 0  |9 18189  |a BRACUL  |b BRACUL  |c GEN  |d 2011-09-25  |e Development Book Agency  |g 170.00  |l 1  |m 9  |o 340.072 FAR  |p 3010023476  |r 2018-04-01  |s 2018-01-18  |t 8  |w 2011-09-25  |y BK  |x Koha Inventory 2020 
952 |0 0  |1 0  |2 ddc  |4 0  |6 340_072000000000000_FAR  |7 0  |9 18190  |a BRACUL  |b BRACUL  |c GEN  |d 2011-09-25  |e Development Book Agency  |g 170.00  |l 3  |m 35  |o 340.072 FAR  |p 3010023477  |r 2022-09-06  |s 2022-06-12  |t 9  |w 2011-09-25  |y BK